[Event "Wuerttemberg-chT Rapid"]
[Site "Boeblingen"]
[Date "2024.04.13"]
[Round "8.27"]
[White "Albrecht, Neil"]
[Black "Jerie, Sven"]
[Result "0-1"]
[WhiteElo "1950"]
[BlackElo "2018"]
[PlyCount "125"]
[EventDate "2024.04.13"]
[EventType "team-tourn"]
[EventRounds "9"]
[EventCountry "GER"]
[SourceTitle "CB17_2024"]
[SourceDate "2024.04.24"]
[SourceVersion "1"]
[SourceVersionDate "2024.04.24"]
[SourceQuality "1"]

1. e4 d5 2. exd5 Qxd5 3. Nc3 Qd6 4. Nf3 a6 5. a4 Nf6 6. Bc4 Bg4 7. h3 Bh5 8. Be2 Nc6 9. 0-0 e5 10. d3 Be7 11. Be3 h6 12. Nd2 Bxe2 13. Qxe2 0-0-0 14. Nde4 Nxe4 15. Nxe4 Qd5 16. Nc3 Qd7 17. Rab1 f5 18. Na2 Nd4 19. Bxd4 exd4 20. Rfe1 Rhe8 21. Qe6 Bd6 22. Qc4 Qc6 23. Qxc6 bxc6 24. Kf1 Kb7 25. Rxe8 Rxe8 26. Nc1 c5 27. Nb3 Kc6 28. Nd2 Kd5 29. Nc4 g5 30. g3 f4 31. g4 Re7 32. Re1 Rxe1+ 33. Kxe1 Kc6 34. Ke2 Kd5 35. Kf3 Be7 36. Nd2 Bd6 37. b3 Be5 38. Ne4 Kc6 39. Nd2 Kd5 40. Nc4 Bd6 41. Kg2 Kc6 42. Nd2 Be7 43. Kf3 Kd5 44. Ne4 Ke5 45. Nd2 Kd5 46. Nc4 Bf6 47. h4 Be7 48. hxg5 hxg5 49. Nd2 Bf6 50. Ne4 Be7 51. Ke2 Ke5 52. f3 Kd5 53. Nd2 Bf6 54. Kd1 Be7 55. Kc1 Ke5 56. Kb2 Kd5 57. Nc4 Bf8 58. Nd2 Be7 59. Ne4 Ke5 60. Nd2 Kd5 61. Ka2 Bf8 62. Nc4 Be7 63. Na5 0-1

[Event "Wuerttemberg-chT Rapid"]
[Site "Boeblingen"]
[Date "2024.04.13"]
[Round "7.19"]
[White "Jerie, Sven"]
[Black "Degenhard, Simon"]
[Result "0-1"]
[WhiteElo "2018"]
[BlackElo "2204"]
[PlyCount "68"]
[EventDate "2024.04.13"]
[EventType "team-tourn"]
[EventRounds "9"]
[EventCountry "GER"]
[SourceTitle "CB17_2024"]
[SourceDate "2024.04.24"]
[SourceVersion "1"]
[SourceVersionDate "2024.04.24"]
[SourceQuality "1"]

1. e4 c5 2. Be2 Nc6 3. d3 g6 4. f4 Bg7 5. Nf3 d6 6. c3 e6 7. 0-0 Nge7 8. Be3 0-0 9. d4 cxd4 10. cxd4 d5 11. e5 Nf5 12. Bf2 h5 13. Nc3 Bd7 14. Rc1 Rc8 15. h3 h4 16. Bd3 Ng3 17. Re1 Bh6 18. Qd2 Na5 19. b3 Qb6 20. Nxh4 Nh5 21. Be3 Bxf4 22. g4 Qxd4 23. Nf3 Bxe3+ 24. Rxe3 Qb6 25. gxh5 d4 26. Nxd4 Qxd4 27. Ne2 Rxc1+ 28. Qxc1 Qh4 29. Rg3 Nc6 30. hxg6 Nxe5 31. gxf7+ Kxf7 32. Qc7 Qf6 33. Re3 Rg8+ 34. Ng3 Qf4 0-1

[Event "Wuerttemberg-chT Rapid"]
[Site "Boeblingen"]
[Date "2024.04.13"]
[Round "2.3"]
[White "Kocharin, Timur"]
[Black "Jerie, Sven"]
[Result "1/2-1/2"]
[WhiteElo "2250"]
[BlackElo "2018"]
[PlyCount "94"]
[EventDate "2024.04.13"]
[EventType "team-tourn"]
[EventRounds "9"]
[EventCountry "GER"]
[SourceTitle "CB17_2024"]
[SourceDate "2024.04.24"]
[SourceVersion "1"]
[SourceVersionDate "2024.04.24"]
[SourceQuality "1"]

1. e4 e5 2. Nf3 Nc6 3. Bb5 a6 4. Ba4 Nf6 5. d3 d6 6. c4 Bd7 7. Nc3 Be7 8. h3 0-0 9. Be3 Re8 10. 0-0 h6 11. Re1 Bf8 12. Qd2 Ne7 13. Bxd7 Qxd7 14. d4 Ng6 15. d5 Nh5 16. Ne2 f5 17. exf5 Qxf5 18. Rad1 Be7 19. Nh2 Qf7 20. Nf1 Rf8 21. Nfg3 Nhf4 22. f3 Nxg2 23. Rf1 Nxe3 24. Qxe3 Bg5 25. Qf2 Nh4 26. Rd3 Qg6 27. Rb3 e4 28. f4 Nf3+ 29. Rxf3 exf3 30. Qxf3 Bh4 31. Kh1 Rae8 32. f5 Qf6 33. Nh5 Qxb2 34. Nef4 Re1 35. Ng6 Qc1 36. Rxe1 Qxe1+ 37. Kh2 Re8 38. Nxh4 Qxh4 39. f6 Rf8 40. Qf5 Qg5 41. Qe6+ Kh7 42. Qd7 Rxf6 43. Nxf6+ Qxf6 44. Qxc7 Qf2+ 45. Kh1 Qf1+ 46. Kh2 Qf2+ 47. Kh1 Qf1+ 1/2-1/2

[Event "Wuerttemberg-chT Rapid"]
[Site "Boeblingen"]
[Date "2024.04.13"]
[Round "4.19"]
[White "Retzlaff, Kian"]
[Black "Jerie, Sven"]
[Result "1-0"]
[WhiteElo "1793"]
[BlackElo "2018"]
[PlyCount "63"]
[EventDate "2024.04.13"]
[EventType "team-tourn"]
[EventRounds "9"]
[EventCountry "GER"]
[SourceTitle "CB17_2024"]
[SourceDate "2024.04.24"]
[SourceVersion "1"]
[SourceVersionDate "2024.04.24"]
[SourceQuality "1"]

1. e4 c5 2. Nf3 e6 3. d4 cxd4 4. Nxd4 Nc6 5. Nc3 Qc7 6. Be3 a6 7. Qf3 Nf6 8. Qg3 d6 9. 0-0-0 b5 10. a3 Bd7 11. f4 Qa5 12. Nb3 Qc7 13. Be2 b4 14. axb4 Nxb4 15. Rd2 d5 16. exd5 Nfxd5 17. Nxd5 Nxd5 18. Bf3 Bc6 19. Bd4 Rc8 20. Be5 Qb6 21. Re1 Bb7 22. Bxd5 Bxd5 23. Rxd5 Bb4 24. Qxg7 Rf8 25. Bc3 Bxc3 26. bxc3 Qc6 27. Rc5 Qd7 28. Rd1 Qb7 29. Qd4 Rg8 30. Na5 Qb8 31. Qd7+ Kf8 32. Rxc8+ 1-0

[Event "Neckar op 20th"]
[Site "Deizisau"]
[Date "2023.04.07"]
[Round "3"]
[White "Jerie, Sven"]
[Black "Henrich, Thomas"]
[Result "0-1"]
[WhiteElo "2016"]
[BlackElo "2126"]
[PlyCount "82"]
[EventDate "2023.04.06"]
[EventType "swiss"]
[EventRounds "9"]
[EventCountry "GER"]
[SourceTitle "CBM 213 Extra"]
[Source "ChessBase"]
[SourceDate "2023.05.31"]
[SourceVersion "1"]
[SourceVersionDate "2023.05.31"]
[SourceQuality "1"]

1. e4 e6 2. d4 d5 3. Nc3 Bb4 4. e5 Ne7 5. a3 Bxc3+ 6. bxc3 c5 7. Qg4 cxd4 8. Bd3 Qa5 9. Ne2 Nd7 10. 0-0 dxc3 11. Qxg7 Rg8 12. Qxh7 Nxe5 13. Bf4 Nxd3 14. Qxd3 b6 15. Rfe1 Ba6 16. Qh7 Qa4 17. Bg3 Bxe2 18. Rxe2 Qg4 19. Rae1 Rc8 20. Qd3 Rc4 21. Qd1 Qd4 22. Qb1 Qc5 23. Qb3 Kd7 24. Be5 Nc6 25. Rd1 Rg5 26. Rde1 Rcg4 27. g3 d4 28. Bf6 Rd5 29. Kf1 Rg6 30. Bh4 d3 31. cxd3 Nd4 32. Qa4+ b5 33. Qa5 f6 34. Re4 c2 35. Rxd4 Qxd4 36. Kg2 Qb6 37. Qb4 Qc5 38. Qe4 f5 39. Qf4 Rxd3 40. Qb8 Qc8 41. Qf4 Rd1 0-1

[Event "Bayern-chI Bank Hofmann 22nd"]
[Site "Tegernsee"]
[Date "2018.11.03"]
[Round "8"]
[White "Jerie, Sven"]
[Black "Zajogin, Alexander"]
[Result "0-1"]
[WhiteElo "2133"]
[BlackElo "2408"]
[PlyCount "114"]
[EventDate "2018.10.27"]
[EventType "swiss"]
[EventRounds "9"]
[EventCountry "GER"]
[SourceTitle "CBM 187 Extra"]
[Source "ChessBase"]
[SourceDate "2018.11.04"]
[SourceVersion "1"]
[SourceVersionDate "2018.11.04"]
[SourceQuality "1"]

1. Nf3 d5 2. d4 e6 3. Bf4 c5 4. c3 Nc6 5. e3 Nf6 6. h3 Bd6 7. Bxd6 Qxd6 8. Nbd2 0-0 9. Bb5 a6 10. Bxc6 Qxc6 11. Ne5 Qc7 12. 0-0 b6 13. b4 Ne4 14. Nxe4 dxe4 15. Qb3 f6 16. Nc4 b5 17. Nd2 c4 18. Qc2 f5 19. a4 Bd7 20. axb5 axb5 21. Qb2 Ra4 22. Rxa4 bxa4 23. Qa2 Rc8 24. Rb1 Bb5 25. Ra1 h6 26. Nb1 Qc6 27. Na3 Ra8 28. Qc2 Qd5 29. Nxb5 Qxb5 30. Ra3 Kf7 31. Qd1 g6 32. Qe2 Qd5 33. Qd1 Qc6 34. Kf1 Ke7 35. Qb1 Qb5 36. Qd1 Kd6 37. Kg1 Kc7 38. Qe2 Kb6 39. Qd1 Qc6 40. Qe2 Kb5 41. f4 exf3 42. gxf3 Qd5 43. Qg2 e5 44. e4 Qe6 45. Qc2 Qb6 46. Qf2 Rd8 47. d5 Qxf2+ 48. Kxf2 fxe4 49. fxe4 Rf8+ 50. Ke2 Rf4 51. Ke3 Rh4 52. Ra1 Rxh3+ 53. Kd2 g5 54. Rf1 a3 55. Rf8 a2 56. Ra8 Rh1 57. Ra5+ Kb6 0-1

[Event "Bayern-chI Bank Hofmann 22nd"]
[Site "Tegernsee"]
[Date "2018.11.02"]
[Round "7"]
[White "Rietze, Clemens"]
[Black "Jerie, Sven"]
[Result "1/2-1/2"]
[WhiteElo "2293"]
[BlackElo "2133"]
[PlyCount "39"]
[EventDate "2018.10.27"]
[EventType "swiss"]
[EventRounds "9"]
[EventCountry "GER"]
[SourceTitle "CBM 187 Extra"]
[Source "ChessBase"]
[SourceDate "2018.11.04"]
[SourceVersion "1"]
[SourceVersionDate "2018.11.04"]
[SourceQuality "1"]

1. d4 Nf6 2. Nf3 e6 3. g3 b5 4. Qd3 b4 5. a3 Ba6 6. Qd1 bxa3 7. Nxa3 Be7 8. Bg2 Bb7 9. 0-0 0-0 10. c3 c5 11. dxc5 Bxc5 12. b4 Be7 13. Nd4 Bxg2 14. Kxg2 Qc8 15. Bd2 Ne4 16. Qc2 Nxd2 17. Qxd2 Nc6 18. Rfc1 Nxd4 19. Qxd4 a5 20. Qe4 1/2-1/2

[Event "Bayern-chI Bank Hofmann 22nd"]
[Site "Tegernsee"]
[Date "2018.10.27"]
[Round "1"]
[White "Iturrizaga Bonelli, Eduardo"]
[Black "Jerie, Sven"]
[Result "1-0"]
[WhiteElo "2636"]
[BlackElo "2133"]
[PlyCount "67"]
[EventDate "2018.10.27"]
[EventType "swiss"]
[EventRounds "9"]
[EventCountry "GER"]
[SourceTitle "CBM 187 Extra"]
[Source "ChessBase"]
[SourceDate "2018.11.04"]
[SourceVersion "1"]
[SourceVersionDate "2018.11.04"]
[SourceQuality "1"]

1. Nf3 Nf6 2. c4 g6 3. Nc3 Bg7 4. e4 d6 5. d4 0-0 6. Be2 e5 7. 0-0 Nc6 8. d5 Ne7 9. b4 Nh5 10. g3 f5 11. Ng5 Nf6 12. Bf3 fxe4 13. Ncxe4 Nxe4 14. Bxe4 Nf5 15. h4 h6 16. Ne6 Bxe6 17. dxe6 c6 18. b5 Qc7 19. bxc6 bxc6 20. Ba3 Rad8 21. Qa4 Ne7 22. Rab1 Qc8 23. Rfd1 Qxe6 24. Rb7 Qf6 25. Rd2 Nf5 26. Qxc6 Nd4 27. Qd5+ Kh8 28. Rxa7 h5 29. Bb2 Nf5 30. Qd3 Bh6 31. Re2 Rb8 32. Rd7 Rb6 33. c5 Bg7 34. cxb6 1-0

[Event "Stuttgart-chA int"]
[Site "Ditzingen"]
[Date "2018.05.10"]
[Round "2"]
[White "Jerie, Sven"]
[Black "Kobald, Jacqueline"]
[Result "1-0"]
[WhiteElo "2078"]
[BlackElo "1692"]
[PlyCount "33"]
[EventDate "2018.05.10"]
[EventType "swiss"]
[EventRounds "7"]
[EventCountry "GER"]
[SourceTitle "EXT 2020"]
[Source "ChessBase"]
[SourceDate "2019.10.17"]
[SourceVersion "1"]
[SourceVersionDate "2019.10.17"]
[SourceQuality "1"]

1. e4 c5 2. Nf3 e6 3. d4 cxd4 4. Nxd4 Nc6 5. Nb5 d6 6. c4 Nf6 7. N1c3 Be7 8. Bf4 Ne5 9. c5 Ng6 10. Nxd6+ Bxd6 11. Bxd6 Ne7 12. e5 Nd7 13. Qd2 0-0 14. Bd3 a6 15. 0-0 Re8 16. Rfe1 Nf8 17. Be4 1-0

[Event "Bangkok op 17th"]
[Site "Bangkok"]
[Date "2017.04.10"]
[Round "3"]
[White "Jerie, Sven"]
[Black "Causo, Deniel"]
[Result "1/2-1/2"]
[WhiteElo "2058"]
[BlackElo "2285"]
[PlyCount "93"]
[EventDate "2017.04.08"]
[EventType "swiss"]
[EventRounds "9"]
[EventCountry "THA"]
[SourceTitle "CBM 177 Extra"]
[Source "ChessBase"]
[SourceDate "2017.04.27"]
[SourceVersion "1"]
[SourceVersionDate "2017.04.27"]
[SourceQuality "1"]

1. e4 d5 2. exd5 Nf6 3. Nf3 Nxd5 4. d4 Bg4 5. Be2 e6 6. 0-0 Be7 7. c4 Nb6 8. Nc3 0-0 9. h3 Bh5 10. c5 Nd5 11. Ne5 Bxe2 12. Qxe2 Nc6 13. Nxc6 bxc6 14. Ne4 Nf6 15. Rd1 Rb8 16. Bf4 Nxe4 17. Qxe4 Qd7 18. Qc2 Rb4 19. Qc3 Rb7 20. b4 Rd8 21. Be5 f6 22. Bf4 Qd5 23. a3 Bf8 24. Qe3 Rd7 25. Re1 Re7 26. Rad1 g6 27. Qd3 Rb5 28. Qg3 Qd7 29. Qf3 Bg7 30. Qc3 Qd5 31. Qg3 Qd7 32. Qe3 Kf7 33. h4 Qd5 34. Qg3 a5 35. bxa5 Rxa5 36. Bxc7 Ra4 37. Bd6 Rea7 38. Qc3 Rxa3 39. Qb2 Rb3 40. Qe2 f5 41. Be5 Bxe5 42. dxe5 Qxc5 43. Qd2 Kg7 44. Rc1 Qb4 45. Qg5 Qe7 46. Qxe7+ Rxe7 47. Rxc6 1/2-1/2

[Event "Deizisau op 11th"]
[Site "Deizisau"]
[Date "2016.10.29"]
[Round "2"]
[White "Gschnitzer, Adrian"]
[Black "Jerie, Sven"]
[Result "1-0"]
[WhiteElo "2211"]
[BlackElo "2051"]
[PlyCount "75"]
[EventDate "2016.10.28"]
[EventType "swiss"]
[EventRounds "7"]
[EventCountry "GER"]
[SourceTitle "EXT 2018"]
[Source "ChessBase"]
[SourceDate "2017.10.13"]
[SourceVersion "1"]
[SourceVersionDate "2017.10.13"]
[SourceQuality "1"]

1. e4 e5 2. Nf3 Nc6 3. Bc4 Nf6 4. d3 Be7 5. c3 d6 6. Nbd2 0-0 7. Nf1 Na5 8. Bb5 a6 9. Ba4 b5 10. Bc2 c5 11. Ng3 Re8 12. 0-0 Bf8 13. h3 g6 14. Nh2 Bg7 15. f4 exf4 16. Bxf4 c4 17. d4 Bb7 18. Qf3 Nxe4 19. Bxe4 Rxe4 20. Nxe4 f5 21. d5 fxe4 22. Qxe4 Bc8 23. Bg5 Qb6+ 24. Be3 Qd8 25. g4 Bd7 26. Bd4 Qh4 27. Bxg7 Kxg7 28. Qg2 Nb7 29. Nf3 Qd8 30. Qg3 Qb6+ 31. Kh2 Nc5 32. Ng5 Re8 33. Qf2 Qd8 34. Qf7+ Kh6 35. Qxh7+ Kxg5 36. h4+ Kxg4 37. Qxg6+ Kxh4 38. Rf4+ 1-0

[Event "Neckar op-A 18th"]
[Site "Deizisau"]
[Date "2014.04.17"]
[Round "1"]
[White "Jerie, Sven"]
[Black "Brunello, Sabino"]
[Result "0-1"]
[WhiteElo "2082"]
[BlackElo "2575"]
[PlyCount "38"]
[EventDate "2014.04.17"]
[EventType "swiss"]
[EventRounds "9"]
[EventCountry "GER"]
[SourceTitle "CBM 159 Extra"]
[Source "ChessBase"]
[SourceDate "2014.04.24"]
[SourceVersion "1"]
[SourceVersionDate "2014.04.24"]
[SourceQuality "1"]

1. e4 c5 2. Nf3 e6 3. d4 cxd4 4. Nxd4 a6 5. Bd3 Bc5 6. Nb3 Be7 7. Qg4 g6 8. Qe2 d6 9. 0-0 Nc6 10. Be3 Nf6 11. Na3 Ne5 12. f4 Nxd3 13. cxd3 b5 14. Nd4 Bb7 15. Nac2 Qd7 16. a4 bxa4 17. Na3 0-0 18. Nc4 Bd8 19. Nf3 d5 0-1

[Event "Stuttgart-chA int"]
[Site "Ditzingen"]
[Date "2013.05.11"]
[Round "5"]
[White "Jerie, Sven"]
[Black "Neyman, Igor"]
[Result "1/2-1/2"]
[WhiteElo "2023"]
[BlackElo "2334"]
[PlyCount "80"]
[EventDate "2013.05.09"]
[EventType "swiss"]
[EventRounds "7"]
[EventCountry "GER"]
[SourceTitle "EXT 2014"]
[Source "ChessBase"]
[SourceDate "2013.11.20"]
[SourceVersion "1"]
[SourceVersionDate "2013.11.20"]
[SourceQuality "1"]

1. e4 c5 2. Nf3 a6 3. c4 e6 4. d4 cxd4 5. Nxd4 Nf6 6. Nc3 Qc7 7. Bd3 Nc6 8. Nxc6 dxc6 9. Qe2 e5 10. h3 Be6 11. Be3 Nd7 12. 0-0 Bc5 13. Rac1 f6 14. b4 Bxe3 15. Qxe3 0-0 16. Rfd1 Qd8 17. Be2 Qe7 18. c5 a5 19. a3 axb4 20. axb4 Rfd8 21. Rd6 Nf8 22. Rcd1 Bf7 23. Bg4 h5 24. Bf3 Ne6 25. Ne2 Rxd6 26. cxd6 Qd8 27. Ng3 g6 28. Ne2 Ra4 29. Qd2 Qb6 30. d7 Ra8 31. Qd6 Qd8 32. b5 cxb5 33. Nc3 Nd4 34. Nd5 Bxd5 35. Qxd5+ Kf8 36. Rc1 Ke7 37. Qxb7 Rb8 38. Qa7 Ra8 39. Qb7 Rb8 40. Qa7 Ra8 1/2-1/2

[Event "Stuttgart-chA int"]
[Site "Ditzingen"]
[Date "2013.05.10"]
[Round "4"]
[White "Vaysberg, Alexander"]
[Black "Jerie, Sven"]
[Result "1-0"]
[WhiteElo "2202"]
[BlackElo "2023"]
[PlyCount "111"]
[EventDate "2013.05.09"]
[EventType "swiss"]
[EventRounds "7"]
[EventCountry "GER"]
[SourceTitle "EXT 2014"]
[Source "ChessBase"]
[SourceDate "2013.11.20"]
[SourceVersion "1"]
[SourceVersionDate "2013.11.20"]
[SourceQuality "1"]

1. e4 e5 2. Nc3 Nc6 3. Nf3 Nf6 4. d4 exd4 5. Nxd4 Bb4 6. Nxc6 bxc6 7. Bd3 d5 8. exd5 cxd5 9. Qe2+ Qe7 10. 0-0 Qxe2 11. Nxe2 0-0 12. Bf4 c6 13. Nd4 Bd7 14. c3 Bc5 15. Rfe1 Rfe8 16. b4 Bf8 17. Nb3 Rxe1+ 18. Rxe1 Ne8 19. Be3 Nd6 20. f3 Bf5 21. Ba6 Bc8 22. Bf1 Bf5 23. Na5 Bd7 24. Nb3 Bf5 25. Nd4 Bd7 26. a4 a5 27. b5 cxb5 28. Nxb5 Nc4 29. Bd4 Rc8 30. Ra1 f6 31. Bd3 Nb2 32. Be2 Nc4 33. Kf2 Be6 34. f4 Bd7 35. Bf3 Be6 36. f5 Bf7 37. g4 Nd2 38. Bd1 Re8 39. Bc2 Nc4 40. Re1 Rc8 41. Bd1 Nb2 42. Be2 Nxa4 43. Ra1 Nc5 44. Rxa5 Nb3 45. Ra7 Nxd4 46. cxd4 g6 47. Nc7 Bd6 48. Ne6 Bxh2 49. Bf3 h5 50. Bxd5 gxf5 51. gxh5 Re8 52. Nf4 Bxd5 53. Nxd5 Re6 54. Ne7+ Kh8 55. Ng6+ Kg8 56. h6 1-0